Central Library OPAC University of Rajshahi

Third World politics : (Record no. 36004)

MARC details
000 -LEADER
fixed length control field 00910nam a2200277 a 4500
001 - CONTROL NUMBER
control field 36004
003 - CONTROL NUMBER IDENTIFIER
rucl marc code DB-RjUL
005 - DATE AND TIME OF LATEST TRANSACTION
control field 20211209052422.0
008 - FIXED-LENGTH DATA ELEMENTS--GENERAL INFORMATION
fixed length control field 140615s1988 mdu b 001 0 eng d
020 ## - INTERNATIONAL STANDARD BOOK NUMBER
International Standard Book Number 0333396405
International Standard Book Number 0333396413 (pbk)
035 ## - SYSTEM CONTROL NUMBER
System control number (DB-RjUL)36101
040 ## - CATALOGING SOURCE
Original cataloging agency DLC
Transcribing agency DLC
Language of cataloging eng
Modifying agency DB-RjUL
041 ## - LANGUAGE CODE
Language code of text/sound track or separate title eng
082 ## - DEWEY DECIMAL CLASSIFICATION NUMBER
Classification number 320.91724
Edition number 19
Author mark and year CAT 1988
100 1# - MAIN ENTRY--PERSONAL NAME
Personal name Cammack, Paul A.
Fuller form of name (Paul Anthony)
9 (RLIN) 109607
245 10 - TITLE STATEMENT
Title Third World politics :
Remainder of title a comparative introduction /
Statement of responsibility, etc. Paul Cammack, David Pool, and William Tordoff
260 ## - PUBLICATION, DISTRIBUTION, ETC. (IMPRINT)
Place of publication, distribution, etc. Basingstoke :
Name of publisher, distributor, etc. Macmillan Education,
Date of publication, distribution, etc. 1988
300 ## - PHYSICAL DESCRIPTION
Pagination xi, 308 p. :
Illustrations maps ;
Size 22 cm
504 ## - BIBLIOGRAPHY, ETC. NOTE
Bibliography, etc Bibliography: p. 296-301 & Includes index
651 #0 - SUBJECT ADDED ENTRY--GEOGRAPHIC NAME
Geographic name Developing countries
General subdivision Politics and government
9 (RLIN) 109608
700 1# - ADDED ENTRY--PERSONAL NAME
Personal name Pool, David.
Personal name Tordoff, William,
Dates associated with a name 1925-
942 ## - ADDED ENTRY ELEMENTS (KOHA)
Source of classification or shelving scheme Dewey Decimal Classification
Koha item type Books
Holdings
Lost status Source of classification or shelving scheme Damaged status Not for loan Collection code Permanent Location Current Location Shelving location Date acquired Total Checkouts Full call number Date last seen Copy number Koha item type
  Dewey Decimal Classification   Not For Loan Non-fiction Central Library, University of Rajshahi Central Library, University of Rajshahi Reading Room 20/05/1995   320.91724 CAT 1988 15/06/2014 C-1 Books